Public space report issued (Record no. 71519)

MARC details
000 -LEADER
fixed length control field 01178cam a2200217 4500
001 - CONTROL NUMBER
control field WB3841-09
008 - FIXED-LENGTH DATA ELEMENTS--GENERAL INFORMATION
fixed length control field 021105n2002 000 0 eng u
035 ## - SYSTEM CONTROL NUMBER
System control number (Sirsi) u120367
245 ## - TITLE STATEMENT
Title Public space report issued
260 ## - PUBLICATION, DISTRIBUTION, ETC.
Date of publication, distribution, etc. 2002
490 ## - SERIES STATEMENT
Series statement ODPM News Release
Volume/sequential designation (108) 31 October 2002, (3)
520 ## - SUMMARY, ETC.
Summary, etc. New report "Living places - cleaner, safer, greener" was launched at Urban Summit 2002. It sets out goverment vision for public space, the subject of five-year improvement programme. It also covers progress since Urban White Paper and responses to recommendations from Urban Green Spaces Taskforce. It aims to generate discussion on legislative framework for providing and maintaining shared public space. Copies of report available from t +44 (0)870 1226236 or downlaod from www.urban.odpm.gov.uk/greenspace/living/index.htm or www.defra.gov.uk/environment/localenv/index.htm ODPM News Release www.odpm.gov.uk/news/0210/0108.htm
590 ## - LOCAL NOTE (RLIN)
Local note WB
650 ## - SUBJECT ADDED ENTRY--TOPICAL TERM
Topical term or geographic name entry element URBAN WHITE PAPER
650 ## - SUBJECT ADDED ENTRY--TOPICAL TERM
Topical term or geographic name entry element URBAN GREENSPACE
650 ## - SUBJECT ADDED ENTRY--TOPICAL TERM
Topical term or geographic name entry element OPEN SPACES
650 ## - SUBJECT ADDED ENTRY--TOPICAL TERM
Topical term or geographic name entry element GREEN SPACES
650 ## - SUBJECT ADDED ENTRY--TOPICAL TERM
Topical term or geographic name entry element PUBLIC SPACE
690 ## - LOCAL SUBJECT ADDED ENTRY--TOPICAL TERM (OCLC, RLIN)
Topical term or geographic name as entry element ENVIRONMENTAL AND LAND CONSULTANCY
942 ## - ADDED ENTRY ELEMENTS (KOHA)
Suppress in OPAC 0
Holdings
Withdrawn status Lost status Source of classification or shelving scheme Damaged status Not for loan Home library Current library Shelving location Date acquired Total Checkouts Full call number Barcode Date last seen Copy number Price effective from Koha item type
    Dewey Decimal Classification     London London News article 05/11/2002   WB3841-09 120367-1001 06/08/2019 1 06/08/2019 News article